Library Banner

قلم برداشتہ (Record no. 79398)

MARC details
000 -LEADER
fixed length control field 00427nam a22001457a 4500
005 - DATE AND TIME OF LATEST TRANSACTION
control field 20151202092730.0
008 - FIXED-LENGTH DATA ELEMENTS--GENERAL INFORMATION
fixed length control field 151202b xxu||||| |||| 00| 0 eng d
040 ## - CATALOGING SOURCE
Transcribing agency PK-LaUMT
082 ## - DEWEY DECIMAL CLASSIFICATION NUMBER
Classification number MSC 070.44
Item number KHU-Q
100 ## - MAIN ENTRY--PERSONAL NAME
Personal name خوشید احمد گیلانی
245 ## - TITLE STATEMENT
Title قلم برداشتہ
Statement of responsibility, etc خوشید احمد گیلانی
260 ## - PUBLICATION, DISTRIBUTION, ETC. (IMPRINT)
Place of publication, distribution, etc لاہور
Name of publisher, distributor, etc علم و عرفان پبلشرز
Date of publication, distribution, etc 2001
300 ## - PHYSICAL DESCRIPTION
Extent 429 ص
942 ## - ADDED ENTRY ELEMENTS (KOHA)
Koha item type Books
Holdings
Withdrawn status Lost status Damaged status Home library Current library Date acquired Full call number Barcode Date last seen Price effective from Koha item type
      UMT Main Campus UMT Main Campus 2015-12-02 MSC 070.44 KHU-Q 95533 2015-12-02 2015-12-02 Books